000 00681nam a2200253Ia 4500
003 OSt
005 20220925204843.0
006 a|||||r|||| 00| 0
007 ta
008 220923b |||||||| |||| 00| 0 eng d
020 _a90 247 2040 0
037 _cGeneral Book
040 _aRTL
_cRTL
_beng
041 _2eng
_aeng
082 _aR2, L8
100 _aBien Joseph Ed.
_9269141
245 0 _aPhenomenology and the social sciences
_b A dialogue
260 _aHague
_bMartinus Nijhoff
_c1978
300 _a108p
_ccm.
650 _a Philosophy
650 _aEpistemology
942 _hR2, L8
_cGB
_2CC
999 _c550598
_d550598